000 01496cam a2200433 4500
003 PE-LiUPU
005 20250731173338.0
020 _a8471516217
035 _a(Sirsi) i9788471516213
035 _a(Sirsi) 10441
035 _a(Sirsi) 10441
041 _aes
044 _aes
082 0 4 _a262.73
_bA65
100 1 _aArango R., Elkin
245 1 3 _aEl camino comunitario: crecimiento en comunión /
_cElkin Arango R.
264 1 _aNavarra, España :
_bEditorial Verbo Divino,
_c1989
300 _a176 páginas :
_bilustraciones ;
_c21 cm.
504 _aIncluye bibliografía
505 0 _aComunión -- La comunicación -- Autonomía -- Interdependencia -- Destrezas de la comunión -- Percepción -- El reconocimiento -- La pelea limpia -- Actitud ante la vida o posición existencial -- Contrato de crecimiento -- Objetivo.
526 _aSEG42
526 _aSEG41
526 _aSEG40
526 _aSEG39
526 _aP94
526 _aP87
526 _aP86
526 _aP85
526 _aP77
526 _aP76
526 _aP35
650 1 4 _aRelaciones humanas.
942 _2ddc
_cBOOK
949 _a262.73 A65
_i30867
_lCCODEBUL1
_mBUL
_tLIBRO
_o.STAFF. Circulación
859 _q30867
_h262.73
_iA65
910 _aaj-sj
596 _a1
999 _a262.73 A65
_wDEWEY
_c49648
_i30867
_f2021-11-12
_g5
_lCCODEBUL1
_mBUL
_r0
_sY
_tBOOK
_u2015-6-16
_xTEOLOGIA
_zUNKNOWN
_0COMPRA
_o.STAFF. Colección General
_d49648
980 _81
_gALBERTO SANCHEZ Responsable de Automatización